| 000 | 00916nam0a22002291 4500 | ||
|---|---|---|---|
| 001 | rc\500562 | ||
| 005 | 20030616171801.2 | ||
| 035 | _a(NLR Aleph) 005741584 | ||
| 090 |
_a4744627 _c4744627 |
||
| 100 | _a20030616d1987 u |0rusy50 ca | ||
| 101 | 0 | _arus | |
| 102 | _aRU | ||
| 105 | _ay ||||||||| | ||
| 200 | 1 |
_aРазвитие космического землеведения в Академии наук СССР _fАН СССР, Комис. по изуч. природ. ресурсов с помощью космич. средств, Науч. совет по космич. исслед. для нар. хоз-ва |
|
| 210 |
_aЛ. _cНаука. Ленингр. отд-ние _d1987 |
||
| 215 |
_a32, [1] с. _d22 |
||
| 700 | 1 |
_aЯншин _bА. Л. _f1911- _gАлександр Леонидович |
|
| 801 | 0 |
_aRU _bNLR _gpsbo |
|
| 801 | 1 |
_aRU _bELAR _2rusmarc |
|
| 852 |
_aNLR _j87-6/889 |
||
| 942 | _cBOOK | ||
| 980 | _aNB | ||